MARC details
| 000 -LEADER |
| campo de control de longitud fija |
01474nam a22003375i 4500 |
| 001 - NÚMERO DE CONTROL |
| campo de control |
152830 |
| 003 - IDENTIFICADOR DE NÚMERO DE CONTROL |
| campo de control |
ES-MaACL |
| 005 - FECHA Y HORA DE LA ÚLTIMA TRANSACCIÓN |
| campo de control |
20250815063233.0 |
| 008 - DATOS DE LONGITUD FIJA--INFORMACIÓN GENERAL |
| campo de control de longitud fija |
010313m18381839fr a|||| |||| 001 0 fre d |
| 040 ## - FUENTE DE CATALOGACIÓN |
| Centro catalogador/agencia de origen |
CCPB | B |
| Lengua de catalogación |
spa |
| Centro/agencia transcriptor |
CCPB | B |
| 080 ## - NÚMERO DE LA CLASIFICACIÓN DECIMAL UNIVERSAL |
| Número de la Clasificación Decimal Universal |
502 Buffon, Georges-Louis Leclerc, comte de |
| 080 ## - NÚMERO DE LA CLASIFICACIÓN DECIMAL UNIVERSAL |
| Número de la Clasificación Decimal Universal |
502(035.3)"17" |
| 080 ## - NÚMERO DE LA CLASIFICACIÓN DECIMAL UNIVERSAL |
| Número de la Clasificación Decimal Universal |
55/59 |
| 080 ## - NÚMERO DE LA CLASIFICACIÓN DECIMAL UNIVERSAL |
| Número de la Clasificación Decimal Universal |
59 |
| 100 1# - ENTRADA PRINCIPAL--NOMBRE DE PERSONA |
| Nombre de persona |
Buffon, Georges Louis Leclerc, |
| Títulos y otros términos asociados al nombre |
Comte de, |
| Fechas asociadas al nombre |
1707-1788 |
| Término indicativo de función/relación |
Autor |
| 9 (RLIN) |
32437 |
| 245 10 - MENCIÓN DEL TÍTULO |
| Título |
Oeuvres complètes de Buffon / |
| Mención de responsabilidad, etc. |
avec des extraits de Daubenton et la classification de Cuvier |
| 260 ## - PUBLICACIÓN, DISTRIBUCIÓN, ETC. |
| Lugar de publicación, distribución, etc. |
Paris : |
| Nombre del editor, distribuidor, etc. |
chez Furne et Cie, libraires-éditeurs, |
| Fecha de publicación, distribución, etc. |
1838-1839 |
| Fabricante |
(Imp. d'Éverat et Cie.) |
| 300 ## - DESCRIPCIÓN FÍSICA |
| Extensión |
6 volúmenes : |
| Otras características físicas |
hojas de láminas (color) ; |
| Dimensiones |
26 cm |
| 530 ## - NOTA DISPONIBLE DE FORMULARIO FÍSICO ADICIONAL |
| Nota de formato físico adicional disponible |
Disponible en formato digital |
| 597 #1 - NOTA A LA DESCRIPCION FISICA |
| Nota |
En v. VI: tabla de grabados, común a los 6 v. |
| 650 #7 - PUNTO DE ACCESO ADICIONAL DE MATERIA--TÉRMINO DE MATERIA |
| Término de materia o nombre geográfico como elemento de entrada |
Ciencias naturales |
| Fuente del encabezamiento o término |
embne |
| 9 (RLIN) |
10984 |
| 650 #7 - PUNTO DE ACCESO ADICIONAL DE MATERIA--TÉRMINO DE MATERIA |
| Término de materia o nombre geográfico como elemento de entrada |
Zoología |
| Fuente del encabezamiento o término |
embne |
| 9 (RLIN) |
17868 |
| 700 1# - ENTRADA AGREGADA--NOMBRE PERSONAL |
| Nombre de persona |
Daubenton, Louis-Jean-Marie, |
| Fechas asociadas al nombre |
1716-1799 |
| Término indicativo de función/relación |
Colaborador |
| 9 (RLIN) |
126703 |
| 700 1# - ENTRADA AGREGADA--NOMBRE PERSONAL |
| Nombre de persona |
Cuvier, Fréderic Georges, |
| Fechas asociadas al nombre |
1773-1838 |
| Término indicativo de función/relación |
Colaborador |
| 9 (RLIN) |
126680 |
| 852 4# - LOCALIZACIÓN |
| Ubicación |
ES-MaACL |
| Número de control de estantería |
G-7152-57 |
| Ubicación en estantería |
Depósito 2 |
| Encuadernación |
Holandesa |
| 856 4# - LOCALIZACIÓN Y ACCESO ELECTRÓNICOS |
| Identificador Uniforme de Recursos |
<a href="https://archive.org/details/bub_gb_AP1UctXwV1IC/page/n5/mode/2up">https://archive.org/details/bub_gb_AP1UctXwV1IC/page/n5/mode/2up</a> |
| Texto de enlace |
Versión en línea: v. 1 |
| Nota pública |
(Internet Archive) |
| 856 4# - LOCALIZACIÓN Y ACCESO ELECTRÓNICOS |
| Identificador Uniforme de Recursos |
<a href="https://archive.org/details/bub_gb_6wuHEeodo8cC/page/n5/mode/2up">https://archive.org/details/bub_gb_6wuHEeodo8cC/page/n5/mode/2up</a> |
| Texto de enlace |
Versión en línea: v. 2 |
| Nota pública |
(Internet Archive) |
| 942 ## - ELEMENTOS DE ENTRADA SECUNDARIOS (KOHA) |
| Tipo de ítem Koha |
Libro impreso antiguo |
| Suprimir en OPAC |
No |